CURRICULUM BASED EVALUATION: TEACHING AND DECISION MAKING / (Record no. 24805)
[ view plain ]
| 000 -الفاتح | |
|---|---|
| حقل البيانات ثابتة الطول | 00553nam a2200181Ia 4500 |
| 008 - عناصر البيانات ثابتة الطول - معلومات عامة | |
| حقل البيانات ثابتة الطول | 140319s9999 xx 000 0 eng d |
| 040 ## - مصدر الفهرسة | |
| وكالة الفهرسة الأصلية | GCL / |
| وكالة النسخ | GCL |
| 082 04 - رقم تصنيف ديوى العشرى | |
| رقم التصنيف | 371.27 |
| رقم المادة | H C |
| 100 1# - المدخل الرئيسى - إسم شخصى | |
| الإسم الشخصى | HOWELL, KENNETH W. |
| 245 10 - بيان العنوان | |
| العنوان | CURRICULUM BASED EVALUATION: TEACHING AND DECISION MAKING / |
| بيان المسئوليه,etc | HOWELL, KENNETH W. |
| 700 1# - المدخل الاضافى - اسم شخصى | |
| الإسم الشخصى | FOX, SHEILA, L. |
| 260 ## - PUBLICATION, DISTRIBUTION, ETC. (IMPRINT) | |
| تاريخ النشر أو التوزيع | 1993 |
| 300 ## - الوصف المادى | |
| التعداد | 526 P |
| 650 04 - المدخل الاضافى بالموضوع-مصطلح موضوعى | |
| مصطلح موضوعي | EDUCATIONAL TEST AND MEASUREMENT |
| 650 04 - المدخل الاضافى بالموضوع-مصطلح موضوعى | |
| مصطلح موضوعي | CURRICULUM - BASED ASSESSMENT |
| 942 ## - عناصر المدخل الإضافي( كوها) | |
| مصدر التصنيف او مخطط الترفيف | Dewey Decimal Classification |
| Koha [default] item type | كتاب |
| 260 ## - PUBLICATION, DISTRIBUTION, ETC. (IMPRINT) | |
| -- | [S.N] : |
| -- | BROOKS\ COLE PUBLISHING COMPANY ، |
| حالة التراجع | حالة الفقد | حالة تلف | ليس للاعارة | المكان المؤقت | الموقع الحالى | تاريخ الاكتساب | اجمالي اﻻعارات | رقم الطلب | الباركود | تاريخ اخر مشاهدة | تاريخ تفعيل السعر | نوع وعاء كوها |
|---|---|---|---|---|---|---|---|---|---|---|---|---|
| مكتبة القاهرة الكبرى | مكتبة القاهرة الكبرى | 03/26/2014 | 371.27\H C | 43893 | 03/26/2014 | 03/26/2014 | كتاب |

